[Event "45th Olympiad 2024"]
[Site "Budapest HUN"]
[Date "2024.09.18"]
[Round "7.21"]
[Board "1"]
[White "Bjerre, Jonas Buhl"]
[Black "Kantor, Gergely"]
[Result "1-0"]
[WhiteTitle "GM"]
[BlackTitle "GM"]
[WhiteElo "2648"]
[BlackElo "2537"]
[WhiteTeam "Denmark"]
[BlackTeam "Hungary C"]
[WhiteFideId "1444948"]
[BlackFideId "751499"]
[EventDate "2024.09.11"]

1. c4 Nf6 2. Nc3 e5 3. Nf3 Nc6 4. d3 d5 5. cxd5 Nxd5 6. g3 Be7 7. Nxd5 Qxd5 8.
Bg2 O-O 9. O-O Qe6 10. Qc2 Qg6 11. Be3 Bg4 12. a3 a5 13. Rac1 a4 14. Qd2 Qh5 15.
Bc5 Bd6 16. Qe3 Ra6 17. Rfe1 h6 18. Nd2 Rd8 19. Bf3 Bxf3 20. Nxf3 Qf5 21. Rc2
Ne7 22. Rec1 Nd5 23. Qe4 Qxe4 24. dxe4 Nf6 25. Bxd6 cxd6 26. Rd1 Ra5 27. Rc4 Rb5
28. Rd2 Ra8 29. Ne1 d5 30. exd5 Nxd5 31. Nd3 Nb6 32. Rc7 Rd8 33. f3 Rd7 34. Rdc2
Rbd5 35. Kf2 f6 36. Rxd7 Nxd7 37. Rc7 b6 38. Ra7 Rd4 39. Rc7 Kf8 40. Ke3 Rd6 41.
Ra7 b5 42. Rb7 Nb6 43. Kf2 h5 44. h4 Kg8 45. g4 hxg4 46. fxg4 Kh7 47. Kg3 Nc4
48. Rxb5 e4 49. Nf4 Rb6 50. Rh5+ Kg8 51. Rc5 Rb3+ 52. Kf2 Nxb2 53. g5 fxg5 54.
hxg5 Rc3 55. Ra5 Rc6 56. Ra8+ Kf7 57. Ra7+ Kf8 58. Ke3 Nc4+ 59. Kxe4 Nxa3 60.
Kd5 Rc8 61. Ng6+ Ke8 62. Rxg7 Nc4 63. Ne7 Kf8 64. Rh7 Ne3+ 65. Ke6 Rc4 66. Rh8+
Kg7 67. Rg8+ Kh7 68. g6+ Kh6 69. Rh8+ Kg5 70. g7 Re4+ 71. Kd7 Rxe7+ 72. Kxe7
Nf5+ 73. Kf8 Nxg7 74. Kxg7 a3 75. Ra8 1-0

[Event "45th Olympiad 2024"]
[Site "Budapest HUN"]
[Date "2024.09.18"]
[Round "7.21"]
[Board "3"]
[White "Thybo, Jesper Sondergaard"]
[Black "Juhasz, Agoston"]
[Result "1-0"]
[WhiteTitle "GM"]
[BlackTitle "IM"]
[WhiteElo "2555"]
[BlackElo "2427"]
[WhiteTeam "Denmark"]
[BlackTeam "Hungary C"]
[WhiteFideId "1438832"]
[BlackFideId "778346"]
[EventDate "2024.09.11"]

1. d4 Nf6 2. c4 e6 3. Nf3 d5 4. g3 dxc4 5. Bg2 Bd7 6. Ne5 Bc6 7. Nxc6 Nxc6 8. e3
Qd7 9. O-O Rd8 10. Nd2 e5 11. Nxc4 exd4 12. Qb3 Rb8 13. Bxc6 Qxc6 14. exd4 Be7
15. Re1 Nd5 16. Ne3 Rd8 17. Bd2 Nxe3 18. Rxe3 Kf8 19. Rc1 Qb6 20. Qxb6 cxb6 21.
Rc7 Bf6 22. Bb4+ Kg8 23. Be7 Bxe7 24. Rexe7 Rf8 25. Rxb7 g5 26. Rxa7 h5 27. Re5
Rh6 28. Rxg5+ Kh7 29. h4 Rc6 30. Rxh5+ Kg6 31. Rg5+ Kf6 32. Rg4 Rc2 33. b4 1-0

[Event "45th Olympiad 2024"]
[Site "Budapest HUN"]
[Date "2024.09.18"]
[Round "7.22"]
[Board "2"]
[White "Krysa, Leandro"]
[Black "Sipila, Vilka"]
[Result "1-0"]
[WhiteTitle "GM"]
[BlackTitle "IM"]
[WhiteElo "2495"]
[BlackElo "2462"]
[WhiteTeam "Argentina"]
[BlackTeam "Finland"]
[WhiteFideId "116807"]
[BlackFideId "505455"]
[EventDate "2024.09.11"]

1. Nf3 d5 2. g3 g6 3. Bg2 Bg7 4. O-O e5 5. d3 Nc6 6. e4 dxe4 7. dxe4 Qxd1 8.
Rxd1 Bg4 9. c3 h6 10. Na3 Nge7 11. b4 O-O 12. Nc4 Be6 13. Bf1 a6 14. a4 Bg4 15.
Rd3 Be6 16. Nfd2 h5 17. Ne3 Bh6 18. Nd5 Rfd8 19. Bg2 Bxd5 20. exd5 f5 21. Nb3
Bxc1 22. Rxc1 e4 23. dxc6 Rxd3 24. cxb7 Rb8 25. Bf1 Rd6 26. Nc5 a5 27. bxa5 Nc6
28. a6 Na7 29. Bb5 c6 30. Bc4+ Kf8 31. f3 exf3 32. Kf2 Ke7 33. Re1+ Kd8 34. a5
Rd2+ 35. Kxf3 Kc7 36. Re6 Rc2 37. Ke3 g5 38. Rg6 Re8+ 39. Kd3 Rxh2 40. Rg7+ Kd6
41. Nd7 h4 42. gxh4 Rh3+ 43. Kc2 Rxh4 44. b8=Q+ Rxb8 45. Nxb8 Rxc4 46. Rd7+ Kc5
47. Rxa7 Ra4 48. Rf7 Kd6 49. Rxf5 c5 50. a7 Rxa5 51. Na6 1-0

[Event "45th Olympiad 2024"]
[Site "Budapest HUN"]
[Date "2024.09.18"]
[Round "7.22"]
[Board "3"]
[White "Lahdelma, Henri"]
[Black "Flores, Diego"]
[Result "0-1"]
[WhiteTitle "FM"]
[BlackTitle "GM"]
[WhiteElo "2331"]
[BlackElo "2546"]
[WhiteTeam "Finland"]
[BlackTeam "Argentina"]
[WhiteFideId "510394"]
[BlackFideId "108049"]
[EventDate "2024.09.11"]

1. d4 Nf6 2. c4 e6 3. Nc3 Bb4 4. e3 O-O 5. Bd3 d5 6. Nf3 c5 7. cxd5 exd5 8. dxc5
Bg4 9. O-O Bxc3 10. bxc3 Nbd7 11. h3 Bxf3 12. Qxf3 Nxc5 13. Rd1 Nxd3 14. Rxd3
Rc8 15. a4 Rc4 16. Qd1 Qc7 17. a5 Re8 18. Bb2 h6 19. Rd4 Re4 20. Rxe4 Rxe4 21.
Qb3 Qc6 22. Kf1 Rc4 23. f3 Nd7 24. Qc2 Rc5 25. Kf2 Ne5 26. Kg1 Nc4 27. Bc1 Rxa5
28. Rxa5 Nxa5 29. Ba3 Nc4 30. Bc1 a5 31. Kf2 a4 32. Ke2 Qb5 33. Kd1 a3 34. Qa2
Qa4+ 35. Ke2 b5 36. g4 g5 37. Ke1 Qa5 38. Bd2 Qc7 39. f4 Qe7 40. Kf2 Qe4 0-1

[Event "45th Olympiad 2024"]
[Site "Budapest HUN"]
[Date "2024.09.18"]
[Round "7.22"]
[Board "4"]
[White "Sosa, Tomas ARG"]
[Black "Wartiovaara, Oliver"]
[Result "0-1"]
[WhiteTitle "GM"]
[BlackTitle "FM"]
[WhiteElo "2515"]
[BlackElo "2300"]
[WhiteTeam "Argentina"]
[BlackTeam "Finland"]
[WhiteFideId "121576"]
[BlackFideId "513024"]
[EventDate "2024.09.11"]

1. e4 c5 2. Nc3 d6 3. Nf3 a6 4. g3 e5 5. Bg2 Nc6 6. O-O g6 7. Nd5 Bg7 8. c3 Nge7
9. d4 exd4 10. Bg5 h6 11. Bf6 O-O 12. Nxe7+ Nxe7 13. Bxg7 Kxg7 14. cxd4 Bg4 15.
dxc5 dxc5 16. Qc2 b6 17. Qc3+ Kh7 18. Ne5 Be6 19. f4 f6 20. Rad1 Qc7 21. Nxg6
Nxg6 22. f5 Rae8 23. Bh3 Bc8 24. fxg6+ Kxg6 25. Bxc8 Qxc8 26. Rf4 Qe6 27. Rd5
Kg7 28. Qd2 Re7 29. Rd6 Qe5 30. Rg4+ Kf7 31. Rh4 Qg5 32. Rf4 Re6 33. Rd5 Re5 34.
Rd7+ Re7 35. Qd6 Re8 36. e5 f5 37. Qd3 Kg6 38. Rd6+ Kg7 39. Rxf5 Qc1+ 40. Rf1
Qg5 41. Rf5 Qc1+ 42. Kg2 Qxb2+ 43. Kh3 Qxa2 44. Rg6+ Kh8 45. Rxh6+ Kg8 46. Rg5+
Rg7 47. Qh7+ 0-1

[Event "45th Olympiad 2024"]
[Site "Budapest HUN"]
[Date "2024.09.18"]
[Round "7.23"]
[Board "1"]
[White "Schitco, Ivan"]
[Black "Maksimovic, Bojan"]
[Result "1/2-1/2"]
[WhiteTitle "GM"]
[BlackTitle "IM"]
[WhiteElo "2527"]
[BlackElo "2503"]
[WhiteTeam "Moldova"]
[BlackTeam "Bosnia & Herzegovina"]
[WhiteFideId "13905465"]
[BlackFideId "14408120"]
[EventDate "2024.09.11"]

1. c4 e5 2. Nc3 Bb4 3. Nd5 Be7 4. d4 d6 5. e4 Nf6 6. Nxe7 Qxe7 7. f3 O-O 8. Ne2
exd4 9. Qxd4 Nc6 10. Qc3 Ne5 11. Nf4 Ng6 12. Nxg6 fxg6 13. Be3 b6 14. Be2 Be6
15. O-O Nh5 16. Rf2 Nf4 17. Bf1 g5 18. Re1 Ng6 19. b3 Rae8 20. Qd2 h6 21. Bd4
Qf7 22. g3 Bc8 23. Bc3 Ne5 24. Bg2 Bb7 25. Ref1 Qe7 26. h3 Ng6 27. Kh2 h5 28. f4
h4 29. fxg5 hxg3+ 30. Kxg3 Rxf2 31. Rxf2 Bxe4 32. Re2 d5 33. Bxe4 dxe4 34. Qd5+
Kh7 35. h4 Rd8 36. Qxe4 Qxe4 37. Rxe4 Rd3+ 38. Kg4 Rxc3 39. h5 Nf8 40. Re7 Kg8
41. Rxc7 b5 42. g6 Rc2 43. a4 bxa4 44. bxa4 a6 45. Rc5 Nd7 46. Rc8+ Nf8 47. a5
Ra2 48. Rc5 Nd7 49. Rc8+ Nf8 50. c5 Rxa5 51. Kf5 Ra1 52. Ke5 Rh1 53. c6 Rxh5+
54. Kd6 Rh1 55. Ra8 Rd1+ 56. Ke7 Re1+ 57. Kd6 Rd1+ 58. Kc5 Rc1+ 59. Kb6 Rb1+ 60.
Kc5 Rc1+ 61. Kb6 1/2-1/2

[Event "45th Olympiad 2024"]
[Site "Budapest HUN"]
[Date "2024.09.18"]
[Round "7.23"]
[Board "3"]
[White "Bologan, Victor"]
[Black "Culum, Sanjin"]
[Result "1-0"]
[WhiteTitle "GM"]
[BlackTitle "FM"]
[WhiteElo "2598"]
[BlackElo "2409"]
[WhiteTeam "Moldova"]
[BlackTeam "Bosnia & Herzegovina"]
[WhiteFideId "13900048"]
[BlackFideId "14420937"]
[EventDate "2024.09.11"]

1. e4 c5 2. Nf3 d6 3. d4 cxd4 4. Nxd4 Nf6 5. Nc3 a6 6. h3 e5 7. Nde2 h5 8. Bg5
Be6 9. Bxf6 Qxf6 10. Nd5 Qd8 11. Qd3 Nd7 12. Nec3 g6 13. O-O-O Rc8 14. Kb1 Nc5
15. Qe2 Bg7 16. h4 O-O 17. f3 f5 18. Qe3 Kh7 19. Be2 Bh6 20. Qg1 Bxd5 21. Nxd5
fxe4 22. fxe4 Nxe4 23. g4 hxg4 24. h5 Nf2 25. Bxg4 Qg5 26. Bxc8 Nxd1 27. Qxd1
Rxc8 28. Rg1 Qd2 29. Qxd2 Bxd2 30. Rxg6 e4 31. c3 Rf8 32. Nf6+ Kh8 33. Nxe4 Rf1+
34. Kc2 Bf4 35. Nf6 1-0

[Event "45th Olympiad 2024"]
[Site "Budapest HUN"]
[Date "2024.09.18"]
[Round "7.23"]
[Board "4"]
[White "Marjanovic, Dejan"]
[Black "Iordachescu, Viorel"]
[Result "1-0"]
[WhiteTitle "IM"]
[BlackTitle "GM"]
[WhiteElo "2365"]
[BlackElo "2572"]
[WhiteTeam "Bosnia & Herzegovina"]
[BlackTeam "Moldova"]
[WhiteFideId "14402661"]
[BlackFideId "13900200"]
[EventDate "2024.09.11"]

1. d4 Nf6 2. Bg5 e6 3. e4 c5 4. d5 h6 5. Bxf6 Qxf6 6. Nc3 a6 7. Nf3 d6 8. a4 Nd7
9. Be2 g5 10. O-O h5 11. dxe6 fxe6 12. e5 Nxe5 13. Nxe5 Qxe5 14. Bxh5+ Kd8 15.
Re1 Qf6 16. Bg4 Bd7 17. h3 Kc7 18. Ne4 Qg7 19. Qd2 Be7 20. Qe3 Raf8 21. a5 Qd4
22. Qb3 Rf4 23. c3 Qg7 24. Bxe6 Bb5 25. c4 Bc6 26. Bd5 Bxd5 27. cxd5 g4 28. Nxd6
Rb4 29. Qc3 Qxc3 30. bxc3 Rb3 31. Nf7 Bf6 32. Nxh8 Bxh8 33. Rad1 Bxc3 34. Re3
Kd6 35. hxg4 c4 36. Re6+ Kd7 37. Re4 Bxa5 38. Rxc4 Bc3 39. d6 Be5 40. g5 Rb6 41.
Rc7+ Kd8 42. g6 Rxd6 43. Rxd6+ Kxc7 44. Re6 1-0

[Event "45th Olympiad 2024"]
[Site "Budapest HUN"]
[Date "2024.09.18"]
[Round "7.24"]
[Board "2"]
[White "Quesada Perez, Luis Ernesto"]
[Black "Delgado Ramirez, Neuris"]
[Result "1/2-1/2"]
[WhiteTitle "GM"]
[BlackTitle "GM"]
[WhiteElo "2578"]
[BlackElo "2484"]
[WhiteTeam "Cuba"]
[BlackTeam "Paraguay"]
[WhiteFideId "3520773"]
[BlackFideId "3503631"]
[EventDate "2024.09.11"]

1. d4 Nf6 2. c4 e6 3. Nf3 d5 4. Nc3 c5 5. cxd5 cxd4 6. Qxd4 exd5 7. Bg5 Be7 8.
e3 O-O 9. Qa4 h6 10. Bh4 Qb6 11. Qb5 g5 12. Bg3 Bb4 13. Be5 Qxb5 14. Bxb5 Ne4
15. a3 Bxc3+ 16. Bxc3 Nxc3 17. bxc3 Bd7 18. Bd3 Nc6 19. Kd2 Na5 20. Nd4 Kg7 21.
Rhb1 b6 22. Ba6 Rad8 23. a4 Kf6 24. Rb4 Bc8 25. Bd3 Be6 26. h4 Rc8 27. Rh1 Nc6
28. Rb5 g4 29. Ra1 Na5 30. Rb4 Rg8 31. Re1 Nc6 32. Rb5 Na5 33. Ra1 Rc5 34. Rb4
Bd7 35. Ra3 Rgc8 36. Nb5 Bxb5 37. axb5 h5 38. Rf4+ Kg7 39. Kc2 R8c7 40. Rf5 Nc4
41. Rb3 Na5 42. Ra3 Nc4 43. Rb3 Na5 44. Ra3 Nc4 1/2-1/2

[Event "45th Olympiad 2024"]
[Site "Budapest HUN"]
[Date "2024.09.18"]
[Round "7.24"]
[Board "3"]
[White "Cubas, Jose Fernando"]
[Black "Miranda Mesa, Elier"]
[Result "0-1"]
[WhiteTitle "GM"]
[BlackTitle "GM"]
[WhiteElo "2417"]
[BlackElo "2512"]
[WhiteTeam "Paraguay"]
[BlackTeam "Cuba"]
[WhiteFideId "3700267"]
[BlackFideId "3510697"]
[EventDate "2024.09.11"]

1. e4 c6 2. d4 d5 3. e5 Bf5 4. h4 h5 5. c4 e6 6. Nc3 Ne7 7. Nge2 Nd7 8. Ng3 Bg6
9. Bg5 Qb6 10. Rc1 dxc4 11. Bxc4 O-O-O 12. Na4 Qc7 13. Qb3 Nb6 14. Nc5 Rxd4 15.
Bxe6+ fxe6 16. Qxe6+ Kb8 17. O-O Bh7 18. Qf7 Ned5 19. Qe8+ Qc8 20. Bd8 Bg6 21.
Qxg6 Bxc5 22. Bg5 Be7 23. Nf5 Bxg5 24. Nxd4 Bxc1 25. Rxc1 Qd7 26. e6 Nf4 27.
exd7 Nxg6 28. Rd1 Rd8 29. Ne6 Rxd7 30. Rxd7 Nxd7 31. Nxg7 Nf6 32. g3 Kc7 33. f3
Kd6 34. Kf2 Ke5 35. Ke3 Ne7 36. f4+ Kd5 37. Kf3 c5 38. g4 hxg4+ 39. Kg3 Ke4 40.
h5 Nf5+ 41. Nxf5 Kxf5 42. h6 Kg6 0-1

[Event "45th Olympiad 2024"]
[Site "Budapest HUN"]
[Date "2024.09.18"]
[Round "7.24"]
[Board "4"]
[White "Almeida Quintana, Omar"]
[Black "Almiron, Antonio"]
[Result "1/2-1/2"]
[WhiteTitle "GM"]
[BlackTitle "FM"]
[WhiteElo "2492"]
[BlackElo "2312"]
[WhiteTeam "Cuba"]
[BlackTeam "Paraguay"]
[WhiteFideId "3503313"]
[BlackFideId "3701166"]
[EventDate "2024.09.11"]

1. d4 Nf6 2. Nf3 e6 3. c4 b6 4. a3 Bb7 5. Nc3 d5 6. cxd5 Nxd5 7. Bd2 Nd7 8. Qc2
c5 9. e4 Nxc3 10. Bxc3 cxd4 11. Nxd4 a6 12. g3 Be7 13. Bg2 O-O 14. O-O Rc8 15.
Rfd1 Rc7 16. Bh3 Bf6 17. Qe2 Re8 18. Bb4 Be7 19. e5 Bc5 20. Bxc5 bxc5 21. Nc2
Qb8 22. f4 Nb6 23. Ne3 Rd8 24. f5 Kh8 25. fxe6 fxe6 26. Bxe6 Re8 27. Qg4 Rce7
28. Rd6 Nc8 29. Nf5 Nxd6 30. exd6 g6 31. dxe7 Qe5 32. Rf1 Qxe6 33. Nh6 Qe3+ 34.
Rf2 Qe1+ 35. Rf1 Qe3+ 36. Rf2 Qe1+ 37. Rf1 1/2-1/2

[Event "45th Olympiad 2024"]
[Site "Budapest HUN"]
[Date "2024.09.18"]
[Round "7.25"]
[Board "1"]
[White "Meier, Georg"]
[Black "Kadric, Denis"]
[Result "1/2-1/2"]
[WhiteTitle "GM"]
[BlackTitle "GM"]
[WhiteElo "2591"]
[BlackElo "2553"]
[WhiteTeam "Uruguay"]
[BlackTeam "Montenegro"]
[WhiteFideId "4675789"]
[BlackFideId "14403803"]
[EventDate "2024.09.11"]

1. Nf3 Nf6 2. c4 d6 3. d4 g6 4. Nc3 Bg7 5. g3 Bf5 6. Bg2 Ne4 7. Nb1 Nf6 8. O-O
c6 9. b3 O-O 10. Bb2 a5 11. Nc3 Ne4 12. Rc1 Nxc3 13. Bxc3 Be4 14. e3 d5 15. Bh3
e6 16. Nd2 Bd3 17. Re1 Nd7 18. e4 Nb6 19. cxd5 cxd5 20. e5 Bh6 21. Qf3 Bb5 22.
a4 Bd7 23. Qd3 Nc8 24. f4 b5 25. axb5 Na7 26. Nf3 Qb6 27. Bd2 Nxb5 28. Bf1 Rfb8
29. f5 Bf8 30. fxg6 fxg6 31. Qe3 a4 32. bxa4 Rxa4 33. Rb1 Qa7 34. Rb3 Na3 35.
Rxb8 Qxb8 36. Qf4 Be7 37. Bd3 Nc4 38. Rb1 Qa8 39. Bc1 Ra1 40. Ng5 Bxg5 41. Qxg5
Rxb1 42. Bxb1 Qf8 43. Kg2 Na5 44. Bd3 Nc6 45. Be3 Be8 46. h4 Qa3 47. Be2 Qb2 48.
Qg4 Bf7 49. Kf2 Ne7 50. Qg5 Nf5 51. Qd8+ Kg7 52. Qf6+ Kg8 53. Qd8+ Kg7 54. Qf6+ 1/2-1/2

[Event "45th Olympiad 2024"]
[Site "Budapest HUN"]
[Date "2024.09.18"]
[Round "7.25"]
[Board "2"]
[White "Petrov, Nikita"]
[Black "Rodriguez Vila, Andres"]
[Result "1-0"]
[WhiteTitle "GM"]
[BlackTitle "GM"]
[WhiteElo "2574"]
[BlackElo "2417"]
[WhiteTeam "Montenegro"]
[BlackTeam "Uruguay"]
[WhiteFideId "4101286"]
[BlackFideId "3000010"]
[EventDate "2024.09.11"]

1. d4 e6 2. c4 Bb4+ 3. Nd2 c5 4. a3 Bxd2+ 5. Qxd2 cxd4 6. Nf3 Nf6 7. Nxd4 O-O 8.
b4 d5 9. e3 e5 10. Nf3 e4 11. Nd4 Nbd7 12. Bb2 Ne5 13. c5 Qe7 14. Rc1 Rd8 15.
Qc3 Nfg4 16. Rc2 Qg5 17. Rd2 Bd7 18. h3 Nf6 19. Ne6 Nd3+ 20. Qxd3 fxe6 21. Qd4
Rdc8 22. h4 Qh6 23. Be2 Ne8 24. Qe5 a5 25. g4 Qf6 26. Qg3 Qe7 27. g5 axb4 28.
axb4 Ra4 29. h5 Rxb4 30. h6 Qxc5 31. O-O Rxb2 32. Rxb2 b5 33. Rfb1 Qd6 34. Qh4
Nc7 35. hxg7 Qe5 36. Rc2 Ne8 37. Rxc8 Bxc8 38. Bxb5 Nxg7 39. g6 hxg6 40. Qd8+
Kh7 41. Qxc8 d4 42. exd4 Qg5+ 43. Kf1 e3 44. Qf8 Qd5 45. Bd3 Qxd4 46. Ke2 1-0

[Event "45th Olympiad 2024"]
[Site "Budapest HUN"]
[Date "2024.09.18"]
[Round "7.25"]
[Board "4"]
[White "Draskovic, Luka"]
[Black "Coppola, Claudio"]
[Result "1-0"]
[WhiteTitle "GM"]
[BlackTitle "IM"]
[WhiteElo "2497"]
[BlackElo "2286"]
[WhiteTeam "Montenegro"]
[BlackTeam "Uruguay"]
[WhiteFideId "944335"]
[BlackFideId "3001717"]
[EventDate "2024.09.11"]

1. Nf3 d5 2. g3 Nc6 3. d4 Bf5 4. Bg2 Nb4 5. Na3 e6 6. c3 Nc6 7. Qb3 a6 8. O-O
Nf6 9. Bg5 Na5 10. Qd1 h6 11. Bxf6 gxf6 12. Nb1 b5 13. Nbd2 c6 14. Re1 Bg7 15.
e4 Bh7 16. e5 f5 17. a4 O-O 18. b4 Nb7 19. Qe2 Qd7 20. Bf1 Rfc8 21. a5 Qe7 22.
Qe3 Kh8 23. Bd3 Rg8 24. Kh1 Bg6 25. Rg1 Bh5 26. h3 Raf8 27. g4 fxg4 28. hxg4 Bg6
29. g5 hxg5 30. Nxg5 Bh6 31. Qh3 Kg7 32. Nxe6+ Qxe6 33. Qxe6 1-0

[Event "45th Olympiad 2024"]
[Site "Budapest HUN"]
[Date "2024.09.18"]
[Round "7.26"]
[Board "1"]
[White "Kuybokarov, Temur"]
[Black "Henderson de La Fuente, Lance"]
[Result "0-1"]
[WhiteTitle "GM"]
[BlackTitle "GM"]
[WhiteElo "2562"]
[BlackElo "2519"]
[WhiteTeam "Australia"]
[BlackTeam "Andorra"]
[WhiteFideId "14203049"]
[BlackFideId "32096585"]
[EventDate "2024.09.11"]

1. e4 e5 2. Nf3 Nc6 3. Bb5 Nf6 4. O-O Nxe4 5. d4 Nd6 6. Bxc6 dxc6 7. dxe5 Nf5 8.
Qxd8+ Kxd8 9. Nc3 Ne7 10. h3 Ng6 11. Bg5+ Ke8 12. Rad1 Be6 13. Nd4 Bc4 14. Rfe1
h6 15. Bc1 Bb4 16. Bd2 Rd8 17. Nf5 Bf8 18. Ne4 Be6 19. Nfg3 h5 20. Ng5 Be7 21.
Nxe6 fxe6 22. Ne4 Rf8 23. Bc3 Rd5 24. f3 h4 25. Kf1 b5 26. Bd4 a5 27. a4 Bb4 28.
c3 Be7 29. Nf2 bxa4 30. Ra1 a3 31. bxa3 c5 32. Be3 Nxe5 33. Rab1 Kd7 34. Rb5 c4
35. Rd1 Kc6 36. Rdxd5 exd5 37. Rxa5 Rb8 38. Bd4 Nd3 39. Ng4 Rb1+ 40. Ke2 Rb2+
41. Kf1 Bd6 42. Ra8 Bg3 43. Be3 Rc2 44. a4 Rxc3 45. a5 Ra3 46. Bd4 c3 47. Ne3
Ra1+ 48. Ke2 Nf4# 0-1

[Event "45th Olympiad 2024"]
[Site "Budapest HUN"]
[Date "2024.09.18"]
[Round "7.27"]
[Board "1"]
[White "Bogner, Sebastian"]
[Black "Romanov, Evgeny"]
[Result "0-1"]
[WhiteTitle "GM"]
[BlackTitle "GM"]
[WhiteElo "2545"]
[BlackElo "2567"]
[WhiteTeam "Switzerland"]
[BlackTeam "North Macedonia"]
[WhiteFideId "4692055"]
[BlackFideId "4148843"]
[EventDate "2024.09.11"]

1. e4 e5 2. Nf3 Nc6 3. Bc4 Nf6 4. d3 Be7 5. O-O O-O 6. a4 d5 7. exd5 Nxd5 8. Re1
Bg4 9. Nbd2 Nb6 10. Bb3 Nd7 11. h3 Bh5 12. Bd5 Nb4 13. Bc4 Bd6 14. c3 Nc6 15. b4
a5 16. b5 Ne7 17. Ne4 Kh8 18. Ng3 Bg6 19. Nh4 c6 20. Nxg6+ Nxg6 21. bxc6 bxc6
22. Nf5 Bc5 23. Qg4 Nf6 24. Qf3 Nd5 25. d4 exd4 26. cxd4 Bb4 27. Re4 Qd7 28. h4
Rae8 29. h5 Rxe4 30. Qxe4 Re8 31. Qg4 Re1+ 32. Bf1 Nde7 33. hxg6 Nxf5 34. Bb2
Rxa1 35. Bxa1 hxg6 36. Qe4 Kg8 37. g3 Ne7 38. Bc4 Nd5 39. Bb2 g5 40. Kg2 g4 41.
Kf1 Nf6 42. Qe5 Qb7 43. Bc1 Bc3 44. Qe3 Qb4 45. Qd3 Nd5 46. Bxd5 cxd5 47. Be3 g6
48. Qd1 f5 49. Kg2 Kf7 50. Qd3 Qc4 51. Qd1 Bb4 52. Qh1 Bf8 53. Qh4 Qxa4 54. Qd8
Qb5 55. Bg5 Bg7 56. Qe7+ Kg8 57. Bf6 Bxf6 58. Qxf6 Qe8 59. Kf1 a4 60. Qd6 Qf7
61. Qc6 a3 62. Qa8+ Qf8 63. Qxd5+ Kg7 64. Qa5 Qd6 65. Qa4 g5 66. Kg1 f4 67. Kh2
Kf6 68. Qc4 Qb6 69. Qa4 fxg3+ 70. Kxg3 Qd6+ 71. Kg2 Qd5+ 72. Kg1 a2 73. Kh2 Qe6
74. Kg3 Kg6 75. Qa8 Qf7 76. Qa6+ Kh5 77. Qa7 Qxa7 0-1

[Event "45th Olympiad 2024"]
[Site "Budapest HUN"]
[Date "2024.09.18"]
[Round "7.27"]
[Board "2"]
[White "Lazov, Toni"]
[Black "Pelletier, Yannick"]
[Result "1-0"]
[WhiteTitle "IM"]
[BlackTitle "GM"]
[WhiteElo "2360"]
[BlackElo "2526"]
[WhiteTeam "North Macedonia"]
[BlackTeam "Switzerland"]
[WhiteFideId "15000770"]
[BlackFideId "1301837"]
[EventDate "2024.09.11"]

1. e4 e6 2. d4 d5 3. Bd3 c5 4. exd5 exd5 5. c3 cxd4 6. cxd4 Nc6 7. Nf3 g6 8. Bg5
Nf6 9. O-O Bg7 10. Re1+ Be6 11. Qd2 O-O 12. Nc3 Qb6 13. Bc2 Qxb2 14. Rab1 Qa3
15. Rb3 Qd6 16. Rxb7 Na5 17. Bf4 Qa6 18. Re7 Nc4 19. Qc1 Rae8 20. Rxe8 Rxe8 21.
Ng5 Bd7 22. Rxe8+ Bxe8 23. Bb3 Bc6 24. Qe1 h6 25. Nf3 Ne4 26. h4 Bb7 27. Nxe4
dxe4 28. Ne5 Nxe5 29. dxe5 Qc6 30. Qe3 h5 31. Qd2 e3 32. fxe3 Qe4 33. Bd1 Qd5
34. Qc2 Qc6 35. Qb2 Qd7 36. Bb3 Be4 37. Qd4 Qb7 38. Qd8+ Kh7 39. e6 fxe6 40.
Bxe6 Qa8 41. Bb8 1-0

[Event "45th Olympiad 2024"]
[Site "Budapest HUN"]
[Date "2024.09.18"]
[Round "7.27"]
[Board "3"]
[White "Peng, Li Min"]
[Black "Risteski, Emil"]
[Result "1/2-1/2"]
[WhiteTitle "GM"]
[BlackTitle "IM"]
[WhiteElo "2514"]
[BlackElo "2367"]
[WhiteTeam "Switzerland"]
[BlackTeam "North Macedonia"]
[WhiteFideId "14112620"]
[BlackFideId "15005267"]
[EventDate "2024.09.11"]

1. d4 Nf6 2. Nf3 e6 3. Bf4 d5 4. e3 c5 5. Nbd2 Nc6 6. c3 Nh5 7. Bg5 f6 8. Bh4 g6
9. Bd3 cxd4 10. cxd4 Be7 11. O-O O-O 12. a3 e5 13. dxe5 fxe5 14. Bxe7 Qxe7 15.
e4 d4 16. Rc1 Nf4 17. Bc4+ Kh8 18. g3 Nh3+ 19. Kg2 Bg4 20. Qb3 Rf6 21. Ne1 Ng5
22. h4 Bh3+ 23. Kg1 Ne6 24. Bxe6 Bxe6 25. Qd3 Qg7 26. Kg2 Raf8 27. Nef3 Qd7 28.
Ng1 h6 29. Ndf3 Bg4 30. Nh2 Be6 31. Nhf3 Bg4 32. Nh2 Be6 33. Nhf3 1/2-1/2

[Event "45th Olympiad 2024"]
[Site "Budapest HUN"]
[Date "2024.09.18"]
[Round "7.27"]
[Board "4"]
[White "Zlatkov, Anton"]
[Black "Georgiadis, Nico"]
[Result "0-1"]
[WhiteTitle "FM"]
[BlackTitle "GM"]
[WhiteElo "2346"]
[BlackElo "2510"]
[WhiteTeam "North Macedonia"]
[BlackTeam "Switzerland"]
[WhiteFideId "15005402"]
[BlackFideId "1300113"]
[EventDate "2024.09.11"]

1. e4 c5 2. Nf3 d6 3. d4 cxd4 4. Nxd4 Nf6 5. Nc3 a6 6. h3 g6 7. Be3 Bg7 8. Qd2
Nbd7 9. f3 h5 10. a4 b6 11. Be2 Bb7 12. O-O-O b5 13. g4 b4 14. Na2 a5 15. g5 Nh7
16. Bb5 Qc7 17. Kb1 O-O 18. Rhg1 Rfd8 19. c4 Nhf8 20. Nc1 Nc5 21. b3 Rac8 22.
Rde1 e6 23. Ka2 Nfd7 24. Bxd7 Qxd7 25. Nb5 d5 26. cxd5 exd5 27. e5 d4 28. Bxd4
Qd5 29. Rd1 Ne6 30. f4 Ba6 31. Ne2 Bxb5 32. axb5 a4 33. Qe3 Qxb5 34. Kb1 axb3
35. Rd2 Rc2 36. Rc1 Rxd2 37. Qxd2 Qd5 38. Rd1 Bf8 39. Kb2 Bc5 40. Be3 Qe4 0-1

[Event "45th Olympiad 2024"]
[Site "Budapest HUN"]
[Date "2024.09.18"]
[Round "7.28"]
[Board "1"]
[White "Fier, Alexandr"]
[Black "Khusenkhojaev, Mustafokhuja"]
[Result "1-0"]
[WhiteTitle "GM"]
[BlackTitle "FM"]
[WhiteElo "2551"]
[BlackElo "2283"]
[WhiteTeam "Brazil"]
[BlackTeam "Tajikistan"]
[WhiteFideId "2107139"]
[BlackFideId "14700727"]
[EventDate "2024.09.11"]

1. Nf3 Nf6 2. c4 c5 3. d4 cxd4 4. Nxd4 Nc6 5. Nc3 e6 6. g3 Qb6 7. Nb3 Ne5 8. e4
Bb4 9. c5 Qc7 10. Bg2 b6 11. f4 Nc6 12. O-O Ba6 13. Rf3 O-O 14. e5 Bxc3 15. Rxc3
Nd5 16. Bxd5 exd5 17. Qxd5 Bb7 18. Qd6 Qxd6 19. exd6 Rfe8 20. cxb6 Re1+ 21. Kf2
Rh1 22. Nc5 Nd8 23. Nxb7 Nxb7 24. bxa7 h5 25. Rc7 Nxd6 26. Rxd7 Nb5 27. Rd5 Nxa7
28. Ra5 Rxh2+ 29. Kf3 Rh1 30. b4 Rf1+ 31. Kg2 Rd1 32. b5 Rc8 33. Rxa7 Rd3 34.
Kf2 Rc2+ 35. Ke1 Rxg3 36. Kd1 Rh2 37. Re7 Rd3+ 38. Ke1 Rh1+ 39. Kf2 Rdd1 40. Re2
Rh2+ 41. Kf3 Rh3+ 42. Kg2 Rdh1 43. b6 R1h2+ 44. Kf1 Rf3+ 45. Ke1 Rh1+ 46. Kd2
Rxf4 47. b7 Rd4+ 48. Kc2 Rd8 49. Rb1 Rb8 50. Rb4 1-0